[Event "British Chess Championships 2023: U14 Championship"]
[Site "The Venue, De Montfort University, 20 Western Boulevard, Leicester, LE2 7BU"]
[Date "2023.07.27"]
[Round "4"]
[Board "19"]
[White "Freeman, Luke"]
[Black "Ou, Siyuan"]
[Result "1-0"]
[WhiteElo "1387"]
[BlackElo "1232"]
[PlyCount "75"]
[EventDate "2023.07.25"]
[EventRounds "7"]
[EventCountry "ENG"]

1. e4 e6 2. Nf3 d5 3. Nc3 c5 4. Bb5+ Nc6 5. exd5 exd5 6. O-O Nf6 7. d4 Be7 8. Bg5
O-O 9. dxc5 Be6 10. Nd4 Rc8 11. Nxc6 bxc6 12. Ba6 Rb8 13. Bf4 Rb4 14. Qc1 Bxc5 15.
a3 Rb6 16. Na4 Rxa6 17. Nxc5 Rb6 18. Re1 Qc8 19. Be3 Rb8 20. Nxe6 fxe6 21. Bxa7 Rb7
22. Bc5 Re8 23. Bd4 Rf8 24. Qe3 Re8 25. Bxf6 gxf6 26. b3 Rg7 27. a4 e5 28. a5 Ree7
29. f4 Qf5 30. a6 d4 31. Qe4 Qe6 32. fxe5 Qc8 33. Qxd4 Qa8 34. Qc5 Kh8 35. exf6 Rxe1+
36. Rxe1 Rg8 37. f7 Rf8 38. Qd4#  1-0

[Event "British Chess Championships 2023: U14 Championship"]
[Site "The Venue, De Montfort University, 20 Western Boulevard, Leicester, LE2 7BU"]
[Date "2023.07.27"]
[Round "4"]
[Board "21"]
[White "Sohi, Aarav"]
[Black "Ananyev, Miron"]
[Result "1-0"]
[WhiteElo "1230"]
[BlackElo "1525"]
[PlyCount "77"]
[EventDate "2023.07.25"]
[EventRounds "7"]
[EventCountry "ENG"]

1. d4 d5 2. c4 e6 3. Nc3 Nf6 4. Bg5 c6 5. Nf3 Bd6 6. e3 O-O 7. Be2 Nbd7 8. e4 dxe4
9. Nxe4 Be7 10. Nxf6+ Bxf6 11. Bxf6 Nxf6 12. O-O Bd7 13. Qc2 Rc8 14. c5 b6 15. b4
b5 16. a4 a5 17. bxa5 Qxa5 18. axb5 Qd8 19. b6 Rb8 20. Ra7 Bc8 21. Ne5 Bb7 22. Ba6
Qc8 23. Bxb7 Rxb7 24. Rxb7 Qxb7 25. Qa4 Rc8 26. Qa7 Qxa7 27. bxa7 Ne8 28. Rb1 f5
29. Nxc6 Nc7 30. Ne7+ Kf7 31. Nxc8 Na8 32. Rb7+ Kg6 33. Rb8 Nc7 34. Rb7 Kf6 35. Rxc7
Kg5 36. a8=Q g6 37. Nd6 Kg4 38. Nf7 Kf4 39. Qf3#  1-0

[Event "British Chess Championships 2023: U14 Championship"]
[Site "The Venue, De Montfort University, 20 Western Boulevard, Leicester, LE2 7BU"]
[Date "2023.07.27"]
[Round "4"]
[Board "22"]
[White "Chapman, Luke"]
[Black "Ou, Siyao"]
[Result "1-0"]
[WhiteElo "1344"]
[BlackElo "1088"]
[PlyCount "83"]
[EventDate "2023.07.25"]
[EventRounds "7"]
[EventCountry "ENG"]

1. e4 e6 2. d4 d5 3. exd5 exd5 4. Nf3 Bg4 5. h3 Bh5 6. Bd3 c5 7. Bb5+ Nc6 8. c3 a6
9. Bxc6+ bxc6 10. O-O h6 11. Re1+ Be7 12. Qa4 Rc8 13. Ne5 Qb6 14. dxc5 Qb7 15. b4
Nf6 16. Nd2 O-O 17. Nb3 Ne4 18. c4 Nc3 19. Qa3 dxc4 20. Na5 Ne2+ 21. Rxe2 Qc7 22.
Re1 Bf6 23. Bb2 Rfe8 24. Nexc6 Bxb2 25. Qxb2 Re6 26. Rxe6 fxe6 27. Re1 Bf7 28. Ne5
Re8 29. Nxf7 Qxf7 30. Nxc4 Qf4 31. Nd6 Re7 32. Qe5 Qxb4 33. c6 Kh8 34. Nf5 Rf7 35.
Nxh6 Re7 36. Nf5 Rf7 37. Nd6 Re7 38. Re4 Qb1+ 39. Kh2 Qxa2 40. Rh4+ Kg8 41. Qh5 Kf8
42. Qh8#  1-0

[Event "British Chess Championships 2023: U14 Championship"]
[Site "The Venue, De Montfort University, 20 Western Boulevard, Leicester, LE2 7BU"]
[Date "2023.07.27"]
[Round "4"]
[Board "23"]
[White "Tagg, Ann"]
[Black "Eccleston, Bryony"]
[Result "1-0"]
[WhiteElo "1133"]
[BlackElo "1017"]
[PlyCount "77"]
[EventDate "2023.07.25"]
[EventRounds "7"]
[EventCountry "ENG"]

1. e4 e5 2. Nf3 Nc6 3. Bc4 Bc5 4. d3 d6 5. Nc3 Bg4 6. h3 Bh5 7. g4 Bg6 8. Be3 Bb6
9. Qd2 Qf6 10. Qe2 Qd8 11. O-O-O Nge7 12. a3 Nd4 13. Bxd4 Bxd4 14. Nxd4 exd4 15.
Nd5 O-O 16. Nf4 Kh8 17. h4 f6 18. h5 Bf7 19. Be6 Nc6 20. h6 g5 21. Bxf7 Rxf7 22.
Nh5 Ne5 23. f4 Ng6 24. Rdf1 Qe7 25. fxg5 fxg5 26. Rxf7 Qxf7 27. Rf1 Qe7 28. Qf2 Rf8
29. Qxd4+ Ne5 30. Rxf8+ Qxf8 31. Qxa7 Qe8 32. Ng3 Nc6 33. Qf2 Kg8 34. Qf6 Qf8 35.
Qxg5+ Kh8 36. Nf5 Nd8 37. d4 Qg8 38. Qf6+ Qg7 39. Qxg7#  1-0

[Event "British Chess Championships 2023: U14 Championship"]
[Site "The Venue, De Montfort University, 20 Western Boulevard, Leicester, LE2 7BU"]
[Date "2023.07.28"]
[Round "5"]
[Board "1"]
[White "Larchikov, Maksym"]
[Black "Mittal, Aditya"]
[Result "1-0"]
[WhiteElo "1859"]
[BlackElo "1421"]
[PlyCount "87"]
[EventDate "2023.07.25"]
[EventRounds "7"]
[EventCountry "ENG"]

1. d4 c5 2. d5 e5 3. c4 d6 4. e4 Be7 5. Nc3 Bg5 6. g3 Bxc1 7. Rxc1 a6 8. a4 Nf6 9.
Bg2 O-O 10. Nge2 Nbd7 11. O-O b6 12. Qd3 Ra7 13. f4 Qe7 14. h3 Ne8 15. Nd1 g6 16.
Ne3 Ng7 17. f5 Nf6 18. g4 g5 19. h4 h6 20. hxg5 hxg5 21. Kf2 Nd7 22. Ng3 f6 23. Nh5
Kf7 24. Nxg7 Kxg7 25. Rh1 Rg8 26. Rh2 Kf8 27. Rch1 Ke8 28. Rh7 Rg7 29. Rxg7 Qxg7
30. Nd1 Nf8 31. Nc3 Rb7 32. Bf3 Bd7 33. Be2 Kd8 34. Kg2 Be8 35. b3 a5 36. Qh3 Qh7
37. Qe3 Qg7 38. Nb1 Qg8 39. Rh6 Qg7 40. Qh3 Ra7 41. Nd2 Rb7 42. Nf1 Ra7 43. Ng3 Rb7
44. Bf3  1-0

[Event "British Chess Championships 2023: U14 Championship"]
[Site "The Venue, De Montfort University, 20 Western Boulevard, Leicester, LE2 7BU"]
[Date "2023.07.28"]
[Round "5"]
[Board "2"]
[White "Welling, Zac"]
[Black "Cancedda-Dupuis, Livio"]
[Result "0-1"]
[WhiteElo "1661"]
[BlackElo "1656"]
[PlyCount "116"]
[EventDate "2023.07.25"]
[EventRounds "7"]
[EventCountry "ENG"]

1. e4 c5 2. Nc3 e6 3. Nge2 Nc6 4. g3 Nf6 5. Bg2 d5 6. exd5 exd5 7. d4 cxd4 8. Nxd4
Bb4 9. Qe2+ Qe7 10. Qxe7+ Kxe7 11. Nxc6+ bxc6 12. Bd2 Bf5 13. O-O-O Rhe8 14. a3 Bc5
15. Na4 Bd6 16. Rhe1+ Kf8 17. h3 Ne4 18. Bxe4 Bxe4 19. Be3 Bf3 20. Rd3 f6 21. c4
Kf7 22. Bd2 Rxe1+ 23. Bxe1 Be2 24. Re3 Bxc4 25. b4 Be5 26. Nc5 Bd4 27. Rf3 Be2 28.
Rb3 Re8 29. Kd2 Bc4 30. Rf3 Re2+ 31. Kd1 Ra2 32. Nd3 Kg8 33. Nc1 Rb2 34. h4 g5 35.
hxg5 fxg5 36. g4 h6 37. a4 Bf1 38. Nb3 Be5 39. Nd2 Bg2 40. Re3 Bf4 41. Rd3 Rxb4 42.
Nb3 Rxa4 43. Nc5 Rc4 44. Ne6 Re4 45. Nc5 Bf1 46. Nxe4 Bxd3 47. Nc5 Bb5 48. Bc3 Bc7
49. Nb3 Ba4 50. Kc2 Bxb3+ 51. Kxb3 Kf7 52. Kb4 Bb6 53. f3 Kg6 54. Be5 h5 55. gxh5+
Kxh5 56. Bg3 g4 57. fxg4+ Kxg4 58. Bd6 Kf3  0-1

[Event "British Chess Championships 2023: U14 Championship"]
[Site "The Venue, De Montfort University, 20 Western Boulevard, Leicester, LE2 7BU"]
[Date "2023.07.28"]
[Round "5"]
[Board "3"]
[White "Gulijevs, Eldars"]
[Black "Rastogi, Nayan Keats"]
[Result "1-0"]
[WhiteElo "1845"]
[BlackElo "1540"]
[PlyCount "97"]
[EventDate "2023.07.25"]
[EventRounds "7"]
[EventCountry "ENG"]

1. e4 c5 2. c3 Nf6 3. e5 Nd5 4. d4 cxd4 5. cxd4 Nc6 6. Nc3 Nxc3 7. bxc3 e6 8. Nf3
d6 9. Ba3 Qa5 10. Qb3 dxe5 11. Bxf8 Kxf8 12. dxe5 Nxe5 13. Be2 g6 14. O-O Kg7 15.
Rfd1 Nxf3+ 16. Bxf3 Qg5 17. Rab1 Qe7 18. Qa4 Rd8 19. Rxd8 Qxd8 20. Bxb7 Rb8 21. Be4
Rxb1+ 22. Bxb1 e5 23. Qb5 Qd1+ 24. Qf1 Qd2 25. c4 Ba6 26. h3 Qb4 27. Bd3 Qc3 28.
Qe2 Qd4 29. Kh2 e4 30. Qxe4 Qxe4 31. Bxe4 Bxc4 32. a3 Kf6 33. Kg3 Ke5 34. Bc6 Kd4
35. Kf4 Kc3 36. Ke3 Kb3 37. Kd4 Ba6 38. a4 Kb4 39. g4 Be2 40. Be8 Bd1 41. Bxf7 Bxa4
42. f4 Bc2 43. Be6 a5 44. f5 gxf5 45. gxf5 a4 46. f6 Bg6 47. f7 Bxf7 48. Bxf7 a3
49. h4  1-0

[Event "British Chess Championships 2023: U14 Championship"]
[Site "The Venue, De Montfort University, 20 Western Boulevard, Leicester, LE2 7BU"]
[Date "2023.07.28"]
[Round "5"]
[Board "4"]
[White "Spirling, Florence"]
[Black "Zhu, Pengxiao"]
[Result "0-1"]
[WhiteElo "1180"]
[BlackElo "1487"]
[PlyCount "62"]
[EventDate "2023.07.25"]
[EventRounds "7"]
[EventCountry "ENG"]

1. a3 d5 2. d4 Nf6 3. Nf3 Bf5 4. Bf4 e6 5. c4 c6 6. c5 Nbd7 7. Nc3 Be7 8. h3 h6 9.
g4 Bh7 10. e3 Ne4 11. Nxe4 Bxe4 12. Bd3 Bxf3 13. Qxf3 e5 14. Bxe5 Nxe5 15. dxe5 Bxc5
16. Qe2 Qc7 17. f4 g5 18. b4 Bb6 19. Bf5 a5 20. Kd2 d4 21. e4 gxf4 22. e6 fxe6 23.
Bxe6 d3 24. Qf3 Qe5 25. Rhb1 Be3+ 26. Kxd3 Rd8+ 27. Bd5 cxd5 28. exd5 Rxd5+ 29. Ke2
Rd2+ 30. Kf1 Rf2+ 31. Qxf2 Bxf2  0-1

[Event "British Chess Championships 2023: U14 Championship"]
[Site "The Venue, De Montfort University, 20 Western Boulevard, Leicester, LE2 7BU"]
[Date "2023.07.28"]
[Round "5"]
[Board "5"]
[White "Vaidyanathan, Sathya"]
[Black "Blades, Kit"]
[Result "0-1"]
[WhiteElo "1465"]
[BlackElo "1689"]
[PlyCount "56"]
[EventDate "2023.07.25"]
[EventRounds "7"]
[EventCountry "ENG"]

1. b4 d5 2. Bb2 e6 3. e3 Nf6 4. a3 c5 5. bxc5 Bxc5 6. d4 Bd6 7. c4 O-O 8. c5 Be7
9. Bd3 b6 10. cxb6 Qxb6 11. Bc3 Ba6 12. Ne2 Nc6 13. O-O Na5 14. Bxa6 Qxa6 15. Bb4
Nc6 16. Bxe7 Nxe7 17. Nd2 Rfc8 18. Nb3 Nd7 19. Qd2 Rab8 20. Rfb1 Nf5 21. Ng3 Nd6
22. Qa5 Qd3 23. Nd2 Rxb1+ 24. Rxb1 Nc4 25. Qb5 Ndb6 26. Nxc4 dxc4 27. Qb2 c3 28.
Qe2 Qxb1+  0-1

[Event "British Chess Championships 2023: U14 Championship"]
[Site "The Venue, De Montfort University, 20 Western Boulevard, Leicester, LE2 7BU"]
[Date "2023.07.28"]
[Round "5"]
[Board "6"]
[White "Swiatkowski, Dominik"]
[Black "Parikh, Naavya"]
[Result "1/2-1/2"]
[WhiteElo "1361"]
[BlackElo "1517"]
[PlyCount "97"]
[EventDate "2023.07.25"]
[EventRounds "7"]
[EventCountry "ENG"]

1. e4 e5 2. Nf3 Nc6 3. d4 exd4 4. Nxd4 Qh4 5. Nc3 Bb4 6. Be2 Qxe4 7. Ndb5 Bxc3+ 8.
bxc3 Kd8 9. O-O a6 10. Nd4 Nxd4 11. cxd4 Ne7 12. Bf3 Qf5 13. Re1 d6 14. Rb1 Rb8 15.
Rb3 Ng6 16. Rbe3 d5 17. h3 h6 18. Bg4 Qf6 19. Bxc8 Rxc8 20. Rf3 Qh4 21. Rxf7 Rf8
22. Rxf8+ Nxf8 23. Qf3 Qf6 24. Qxd5+ Nd7 25. Ba3 c6 26. Qa5+ b6 27. Qxa6 c5 28. Re8+
Kxe8 29. Qxc8+ Ke7 30. dxc5 Qa1+ 31. Kh2 Qe5+ 32. g3 bxc5 33. Qa6 Qf5 34. Qe2+ Kd8
35. Bb2 g5 36. Qd2 h5 37. Kg2 g4 38. h4 Kc8 39. Qd3 Qe6 40. Qd2 Qxa2 41. Bc1 Qa8+
42. Kg1 Qf3 43. Qd3 Qf6 44. Be3 Qa1+ 45. Kh2 Ne5 46. Qf5+ Kb7 47. Qe4+ Kb6 48. Kg2
Nf3 49. Qe6+  1/2-1/2

[Event "British Chess Championships 2023: U14 Championship"]
[Site "The Venue, De Montfort University, 20 Western Boulevard, Leicester, LE2 7BU"]
[Date "2023.07.28"]
[Round "5"]
[Board "7"]
[White "Malik, Hunain"]
[Black "Kong, Emma"]
[Result "1-0"]
[WhiteElo "1675"]
[BlackElo "1315"]
[PlyCount "105"]
[EventDate "2023.07.25"]
[EventRounds "7"]
[EventCountry "ENG"]

1. e4 c5 2. Nf3 d6 3. d4 cxd4 4. Nxd4 Nf6 5. Nc3 a6 6. Be3 e6 7. f3 Be7 8. Qd2 Nc6
9. Be2 Qc7 10. Nb3 b5 11. O-O Bb7 12. a3 O-O 13. Rad1 h6 14. Qe1 Ne5 15. Qg3 Ng6
16. Nd4 Nh5 17. Qg4 Nf6 18. Qg3 Nh5 19. Qg4 Nf6 20. Qh3 Bc8 21. g4 e5 22. Nf5 Bxf5
23. gxf5 Nf4 24. Bxf4 exf4 25. Kh1 Kh7 26. Bd3 Qc8 27. Ne2 Kh8 28. Nxf4 Nh7 29. Qg3
Rg8 30. Rg1 Bg5 31. Nd5 Qd8 32. f4 Bf6 33. Nxf6 Qxf6 34. e5 dxe5 35. fxe5 Qc6+ 36.
Rg2 Ng5 37. Qe3 Rac8 38. h4 Qf3 39. Re1 Qxe3 40. Rxe3 Nh7 41. Be4 Rc7 42. Reg3 Nf8
43. h5 Nd7 44. f6 g6 45. hxg6 fxg6 46. Rxg6 Rxg6 47. Rxg6 Nxe5 48. Rxh6+ Kg8 49.
Bd5+ Nf7 50. Rg6+ Kf8 51. Rg7 Rd7 52. Be6 Rc7 53. c3  1-0

[Event "British Chess Championships 2023: U14 Championship"]
[Site "The Venue, De Montfort University, 20 Western Boulevard, Leicester, LE2 7BU"]
[Date "2023.07.28"]
[Round "5"]
[Board "8"]
[White "Leung, Hao Ran"]
[Black "Bhatia, Kanishka"]
[Result "1-0"]
[WhiteElo "1432"]
[BlackElo "1592"]
[PlyCount "79"]
[EventDate "2023.07.25"]
[EventRounds "7"]
[EventCountry "ENG"]

1. d4 e5 2. dxe5 d6 3. Nf3 Bg4 4. Bf4 Bxf3 5. exf3 Qe7 6. Qe2 d5 7. Bg3 Nc6 8. Nc3
O-O-O 9. O-O-O d4 10. Ne4 Nxe5 11. Qb5 Nc6 12. Bc4 g6 13. Rhe1 Qb4 14. Qxb4 Bxb4
15. c3 dxc3 16. bxc3 Ba3+ 17. Kc2 Nh6 18. Bf4 Nf5 19. Bxf7 Kb8 20. Bg5 Be7 21. Bxe7
Nfxe7 22. Nc5 Rhf8 23. Bb3 Rxd1 24. Rxd1 Rf5 25. Nd7+ Ka8 26. Be6 Ra5 27. Kb2 a6
28. f4 Rb5+ 29. Kc2 Rh5 30. h3 h6 31. Nf6 Rc5 32. Ne8 Kb8 33. Rd7 Nb4+ 34. Kb3 Nbd5
35. c4 Nxf4 36. Rxe7 Re5 37. Nxc7 Rc5 38. Nd5 Ra5 39. Re8+ Ka7 40. Kb2  1-0

[Event "British Chess Championships 2023: U14 Championship"]
[Site "The Venue, De Montfort University, 20 Western Boulevard, Leicester, LE2 7BU"]
[Date "2023.07.28"]
[Round "5"]
[Board "9"]
[White "Sharma, Rishan"]
[Black "Thomas, James"]
[Result "1/2-1/2"]
[WhiteElo "1370"]
[BlackElo "1588"]
[PlyCount "46"]
[EventDate "2023.07.25"]
[EventRounds "7"]
[EventCountry "ENG"]

1. d4 Nf6 2. e3 g6 3. Bd3 Bg7 4. f4 d6 5. Nf3 c5 6. c3 O-O 7. O-O Nc6 8. Na3 a6 9.
Re1 b5 10. Bc2 cxd4 11. exd4 e6 12. Bd2 Bb7 13. Rc1 Rc8 14. Bb3 Na5 15. Bc2 Nc4 16.
Nxc4 bxc4 17. b3 Qa5 18. b4 Qh5 19. Ng5 Qxd1 20. Rcxd1 h6 21. Nf3 Bc6 22. a4 Rb8
23. Kf2 Nd7  1/2-1/2

[Event "British Chess Championships 2023: U14 Championship"]
[Site "The Venue, De Montfort University, 20 Western Boulevard, Leicester, LE2 7BU"]
[Date "2023.07.28"]
[Round "5"]
[Board "10"]
[White "Catabay, Mae C"]
[Black "Kalaiyalahan, Aishwarya"]
[Result "0-1"]
[WhiteElo "1579"]
[BlackElo "1389"]
[PlyCount "80"]
[EventDate "2023.07.25"]
[EventRounds "7"]
[EventCountry "ENG"]

1. e4 c5 2. f4 Nc6 3. Nf3 e6 4. Be2 d5 5. d3 g6 6. Be3 Bg7 7. c3 d4 8. Bd2 Nge7 9.
Na3 b6 10. Nc4 f6 11. cxd4 cxd4 12. O-O O-O 13. b4 Ba6 14. Qb3 b5 15. Na5 Qd7 16.
Nxc6 Nxc6 17. Rac1 Kh8 18. a4 Rab8 19. Rc5 Rfc8 20. f5 exf5 21. exf5 Bf8 22. Rd5
Qe7 23. Re1 Nxb4 24. Bd1 Qb7 25. Bxb4 Bxb4 26. Re6 Kg7 27. Rxa6 Qxa6 28. Rd7+ Kh6
29. Qxb4 Rd8 30. Qd2+ g5 31. Rxd4 Rxd4 32. Nxd4 bxa4 33. Ne6 Rb1 34. Qe2 Qb6+ 35.
Kh1 Rxd1+ 36. Qxd1 a3 37. Qa1 Qb2 38. Qe1 a2 39. h4 a1=Q 40. hxg5+ fxg5  0-1

[Event "British Chess Championships 2023: U14 Championship"]
[Site "The Venue, De Montfort University, 20 Western Boulevard, Leicester, LE2 7BU"]
[Date "2023.07.28"]
[Round "5"]
[Board "11"]
[White "Oh, Julie"]
[Black "Edwards, Leon"]
[Result "1-0"]
[WhiteElo "1374"]
[BlackElo "1387"]
[PlyCount "53"]
[EventDate "2023.07.25"]
[EventRounds "7"]
[EventCountry "ENG"]

1. e4 d5 2. exd5 Nf6 3. Nf3 Nxd5 4. d4 Bf5 5. Bd3 Bxd3 6. Qxd3 e6 7. c4 Nf6 8. O-O
Be7 9. Nc3 O-O 10. Ng5 h6 11. Nge4 c6 12. Be3 Nbd7 13. Rad1 Nxe4 14. Nxe4 Nf6 15.
f4 Qc7 16. Rf3 Nxe4 17. Qxe4 c5 18. Rg3 Rad8 19. f5 exf5 20. Qxf5 Bd6 21. Rh3 cxd4
22. Bxd4 Bc5 23. Rxh6 Bxd4+ 24. Rxd4 gxh6 25. Rg4+ Kh8 26. Qf6+ Kh7 27. Qg7#  1-0

[Event "British Chess Championships 2023: U14 Championship"]
[Site "The Venue, De Montfort University, 20 Western Boulevard, Leicester, LE2 7BU"]
[Date "2023.07.28"]
[Round "5"]
[Board "12"]
[White "Ajaykumar, Arav"]
[Black "Aleksandrov, Igor"]
[Result "0-1"]
[WhiteElo "1289"]
[BlackElo "1411"]
[PlyCount "57"]
[EventDate "2023.07.25"]
[EventRounds "7"]
[EventCountry "ENG"]

1. e4 c6 2. d4 d5 3. exd5 cxd5 4. Nc3 Nc6 5. Bf4 Nf6 6. Nb5 e5 7. dxe5 Ne4 8. e6
fxe6 9. Nc7+ Kd7 10. Nxa8 Bd6 11. Bxd6 Kxd6 12. Bd3 Nf6 13. Bb5 Qa5+ 14. Qd2 Qxb5
15. b3 Ne4 16. c4 Qc5 17. Qe2 Qb4+ 18. Kf1 Nd2+ 19. Ke1 Nxb3+ 20. Kf1 Nxa1 21. cxd5
Qb1+ 22. Qe1 Qxe1+ 23. Kxe1 exd5 24. Kd2 Bf5 25. Ne2 Nc2 26. g4 Bxg4 27. Kxc2 Bxe2
28. Re1 Rxa8 29. Rxe2  0-1

[Event "British Chess Championships 2023: U14 Championship"]
[Site "The Venue, De Montfort University, 20 Western Boulevard, Leicester, LE2 7BU"]
[Date "2023.07.28"]
[Round "5"]
[Board "13"]
[White "Mitraka, Chrysa"]
[Black "Roul, Tushar"]
[Result "0-1"]
[WhiteElo "1086"]
[BlackElo "1545"]
[PlyCount "114"]
[EventDate "2023.07.25"]
[EventRounds "7"]
[EventCountry "ENG"]

1. d4 Nf6 2. c4 e6 3. Nc3 Bb4 4. Qc2 O-O 5. Bg5 h6 6. Bh4 Qe7 7. e4 e5 8. d5 Bxc3+
9. bxc3 d6 10. Bd3 Nbd7 11. Ne2 Nc5 12. f3 Bd7 13. O-O Ba4 14. Qd2 Nfxe4 15. fxe4
Qxh4 16. Ng3 Bd7 17. Rae1 Nxd3 18. Qxd3 b6 19. Qe3 Qg5 20. Qd3 a5 21. Rf2 f6 22.
Ref1 Rf7 23. Qc2 Raf8 24. Qd3 g6 25. Qd2 Qxd2 26. Rxd2 f5 27. Rdf2 fxe4 28. Rxf7
Rxf7 29. Rxf7 Kxf7 30. Nxe4 Bf5 31. Nd2 Ke7 32. Kf2 Kf6 33. Kf3 h5 34. h3 Bc2 35.
g3 Kf5 36. Ke3 e4 37. Kd4 h4 38. gxh4 Kf4 39. Nf1 Bd3 40. Ne3 Kg3 41. Nd1 Kxh3 42.
Nf2+ Kxh4 43. Nxe4 Bxe4 44. Kxe4 g5 45. Ke3 Kh3 46. Kf2 g4 47. Kg1 Kg3 48. a4 Kf3
49. Kf1 g3 50. Kg1 g2 51. c5 dxc5 52. c4 Ke4 53. Kxg2 Kd4 54. Kf2 Kxc4 55. Ke2 Kxd5
56. Kd3 c4+ 57. Kc3 c6  0-1

[Event "British Chess Championships 2023: U14 Championship"]
[Site "The Venue, De Montfort University, 20 Western Boulevard, Leicester, LE2 7BU"]
[Date "2023.07.28"]
[Round "5"]
[Board "14"]
[White "Pannu, Mya"]
[Black "Freeman, Luke"]
[Result "0-1"]
[WhiteElo "1041"]
[BlackElo "1387"]
[PlyCount "44"]
[EventDate "2023.07.25"]
[EventRounds "7"]
[EventCountry "ENG"]

1. d4 Nf6 2. Nf3 e6 3. Nbd2 d5 4. e3 c5 5. b3 Nc6 6. Bb2 Be7 7. a3 O-O 8. Bd3 b6
9. c3 Qc7 10. b4 e5 11. e4 cxd4 12. cxd4 Nxd4 13. Nxd4 exd4 14. Bxd4 Bb7 15. exd5
Bxd5 16. O-O Qd7 17. f3 Be6 18. Bxf6 Bxf6 19. Nb3 Bxa1 20. Nxa1 Rad8 21. Be4 Qxd1
22. Rxd1 Rxd1+  0-1

[Event "British Chess Championships 2023: U14 Championship"]
[Site "The Venue, De Montfort University, 20 Western Boulevard, Leicester, LE2 7BU"]
[Date "2023.07.28"]
[Round "5"]
[Board "15"]
[White "Walia, Michael Kanishk"]
[Black "Sohi, Aarav"]
[Result "1-0"]
[WhiteElo "1374"]
[BlackElo "1230"]
[PlyCount "115"]
[EventDate "2023.07.25"]
[EventRounds "7"]
[EventCountry "ENG"]

1. e4 c6 2. c4 d5 3. cxd5 cxd5 4. exd5 Qxd5 5. Nc3 Qd8 6. Bc4 Nc6 7. h3 e5 8. Nf3
Nf6 9. Ng5 Be6 10. Bxe6 fxe6 11. Nxe6 Qe7 12. Nxf8 Qxf8 13. O-O Qd6 14. Re1 O-O 15.
Nb5 Qd7 16. b3 Nd4 17. Nxd4 Qxd4 18. Ba3 Rf7 19. Qe2 Re8 20. Rab1 e4 21. Bb2 Qd5
22. Bxf6 Rxf6 23. d3 Rfe6 24. dxe4 Rxe4 25. Qf1 Qe5 26. Rxe4 Qxe4 27. Qb5 Rf8 28.
Rf1 Qc2 29. a4 b6 30. b4 Rf5 31. Qd7 Rf7 32. Qd8+ Rf8 33. Qd5+ Kh8 34. a5 bxa5 35.
Qxa5 Ra8 36. Qd5 Rc8 37. Qf7 Qc7 38. Qxc7 Rxc7 39. Rb1 h6 40. Kh2 Rc2 41. Ra1 Rxf2
42. Rxa7 Rb2 43. Ra8+ Kh7 44. Rb8 Kg6 45. b5 Kf6 46. b6 Ke6 47. b7 Kd7 48. Rg8 Rxb7
49. Rxg7+ Kc6 50. Rxb7 Kxb7 51. Kg3 Kc7 52. Kf4 Kd7 53. Kf5 Ke7 54. Kg6 Ke6 55. Kxh6
Kf5 56. g4+ Kf6 57. g5+ Kf7 58. Kh7  1-0

[Event "British Chess Championships 2023: U14 Championship"]
[Site "The Venue, De Montfort University, 20 Western Boulevard, Leicester, LE2 7BU"]
[Date "2023.07.28"]
[Round "5"]
[Board "16"]
[White "Gorskovs, Andrejs"]
[Black "Dissanayake, Sathsara"]
[Result "1-0"]
[WhiteElo "1414"]
[BlackElo "1497"]
[PlyCount "69"]
[EventDate "2023.07.25"]
[EventRounds "7"]
[EventCountry "ENG"]

1. e4 e5 2. Nf3 Nc6 3. Bb5 Nf6 4. d3 a6 5. Ba4 b5 6. Bb3 Bc5 7. c3 d5 8. exd5 Nxd5
9. O-O O-O 10. Re1 Re8 11. Nbd2 Nf4 12. Ne4 Bd6 13. Bxf4 exf4 14. Nxd6 cxd6 15. d4
Ne7 16. Ng5 Rf8 17. Qh5 Bf5 18. Nxf7 Qc7 19. Nxd6+ Kh8 20. Nxf5 Nxf5 21. Re5 g6 22.
Qg5 Kg7 23. Rae1 Ra7 24. Qxf4 Nd6 25. Qe3 Nf5 26. Qe2 Qb7 27. g4 Nh4 28. Re7+ Qxe7
29. Qxe7+ Rxe7 30. Rxe7+ Kf6 31. Rxh7 Kg5 32. Rd7 Re8 33. h3 Re1+ 34. Kh2 Re2 35.
Kg3  1-0

[Event "British Chess Championships 2023: U14 Championship"]
[Site "The Venue, De Montfort University, 20 Western Boulevard, Leicester, LE2 7BU"]
[Date "2023.07.28"]
[Round "5"]
[Board "17"]
[White "Chapman, Luke"]
[Black "Kathuria, Dhruv"]
[Result "1-0"]
[WhiteElo "1344"]
[BlackElo "1313"]
[PlyCount "75"]
[EventDate "2023.07.25"]
[EventRounds "7"]
[EventCountry "ENG"]

1. e4 e5 2. Nc3 Nc6 3. Bc4 Nf6 4. d3 Bc5 5. h3 O-O 6. Nf3 d6 7. Bg5 Nb8 8. O-O Nbd7
9. Nd5 c6 10. Ne3 a5 11. a3 h6 12. Bh4 Qb6 13. Qd2 Bxe3 14. fxe3 d5 15. exd5 cxd5
16. Ba2 Re8 17. d4 Ne4 18. Qd3 g5 19. Bxd5 Nef6 20. Qg6+ Kh8 21. Qxh6+ Nh7 22. Qxb6
Nxb6 23. Bxf7 Rf8 24. Nxg5 Nxg5 25. Bxg5 exd4 26. Be7 Rxf7 27. Rxf7 dxe3 28. Rd1
Be6 29. Rf6 Bc4 30. Rxb6 e2 31. Re1 Ba6 32. Re6 Kg8 33. Bh4 Rf8 34. R6xe2 Bxe2 35.
Rxe2 Rf7 36. Re8+ Kg7 37. Re7 Rxe7 38. Bxe7  1-0

[Event "British Chess Championships 2023: U14 Championship"]
[Site "The Venue, De Montfort University, 20 Western Boulevard, Leicester, LE2 7BU"]
[Date "2023.07.28"]
[Round "5"]
[Board "18"]
[White "Eradi, Madhav"]
[Black "Martin, Ryan"]
[Result "1/2-1/2"]
[WhiteElo "1339"]
[BlackElo "1354"]
[PlyCount "151"]
[EventDate "2023.07.25"]
[EventRounds "7"]
[EventCountry "ENG"]

1. e4 c5 2. Nf3 g6 3. d4 cxd4 4. Nxd4 Bg7 5. Nc3 Nc6 6. Be3 d6 7. Bb5 Bd7 8. O-O
Nf6 9. Qd2 Ng4 10. Nxc6 bxc6 11. Bd3 Nxe3 12. Qxe3 O-O 13. Bc4 Qa5 14. Rfd1 Rab8
15. Rab1 Rb7 16. f4 Rfb8 17. Bb3 Be8 18. Rd3 Rc8 19. a3 c5 20. Bd5 Bd4 21. Rxd4 cxd4
22. Qxd4 Qb6 23. Qxb6 Rxb6 24. Bb3 Bc6 25. Nd5 Bxd5 26. exd5 f5 27. Rd1 a5 28. Rd4
Ra8 29. Ra4 Kf7 30. Kf2 Kf6 31. h4 h6 32. Ke3 Rb5 33. Kd4 g5 34. hxg5+ hxg5 35. fxg5+
Kxg5 36. Ke3 Rh8 37. Kf3 Rh1 38. Bc4 Rxb2 39. Bb3 Rbb1 40. Rxa5 Rh8 41. Ra7 Kf6 42.
a4 Rb8 43. Bc4 Ra1 44. Bb3 Ra3 45. Kf2 Rb6 46. Ra5 Raxb3 47. cxb3 Rxb3 48. Rb5 Ra3
49. a5 e6 50. dxe6 Kxe6 51. g3 d5 52. Rb6+ Ke5 53. Rb2 Rxa5 54. Rb3 Ra4 55. Kf3 Rc4
56. Re3+ Re4 57. Rd3 Rd4 58. Re3+ Kd6 59. Rc3 Rc4 60. Re3 d4 61. Re2 Kd5 62. Rd2
Rc3+ 63. Kf4 d3 64. Kxf5 Kd4 65. g4 Rc2 66. Rd1 d2 67. g5 Kd3 68. Kf6 Rc1 69. Rxd2+
Kxd2 70. Kf7 Rf1+ 71. Ke7 Rg1 72. Kf6 Ke3 73. g6 Kf4 74. g7 Rg5 75. Kf7 Rxg7+ 76.
Kxg7  1/2-1/2